Liste des gagnants de la StarAc (2001-2024) - Statistiques

Statistiques générales
  • Ce quiz a été pris 108 fois
  • Le résultat moyen est 7 sur 11
Statistiques - réponses
Hint Réponse % Correct
2001 Jenifer Bartoli
85%
2002 Nolwenn Leroy
85%
2023-24 Pierre Garnier
80%
2022 Anisha Jo
70%
2004 Grégory Lemarchal
67%
2003 Elodie Frégé
55%
2012-13 Laurène Bourvon
55%
2005 Magalie Vaé
52%
2008 Mickels Réa
44%
2006 Cyril Cinélu
42%
2007-08 Quentin Mosiman
42%
Aucun quiz correspondant
Distribution des résultats
% des personnes avec chaque résultat
Percentile par nombre de réponses
Votre historique - résultats
Vous n’avez pas pris ce quiz